000 00519nam a2200181Ia 4500
005 20250326124118.0
008 250326s9999 xx 000 0 und d
037 _aTextbook
040 _aFMSL
_beng
_cFMSL
041 _aeng
_2eng
084 _aX:28obD658(B) K8
_qFMSL
100 _aTrusler J D C
_9736796
245 0 _aProduction control by computer
_cTrusler J D C
260 _aLondon
_bLondon, Machinery
_c1968
300 _a133p
942 _cTB
_hX:28obD658(B) K8
999 _c1272337
_d1272337